The wedding crasher / (Record no. 49558)
| 000 -LEADER | |
|---|---|
| fixed length control field | 00321nam a2200121 4500 |
| 020 ## - INTERNATIONAL STANDARD BOOK NUMBER | |
| International Standard Book Number | 9781782269458 |
| 100 ## - MAIN ENTRY--PERSONAL NAME | |
| Personal name | Stilton, Geronimo |
| 9 (RLIN) | 1388 |
| 245 ## - TITLE STATEMENT | |
| Title | The wedding crasher / |
| Statement of responsibility, etc | Geronimo Stilton |
| 260 ## - PUBLICATION, DISTRIBUTION, ETC. (IMPRINT) | |
| Place of publication, distribution, etc | UK |
| Name of publisher, distributor, etc | Sweet Cherry |
| Date of publication, distribution, etc | 2022 |
| 300 ## - PHYSICAL DESCRIPTION | |
| Extent | 102 p. |
| Other physical details | col. ill. |
| Dimensions | 20 cm. |
| 490 ## - SERIES STATEMENT | |
| Series statement | Geronimo Stilton |
| 942 ## - ADDED ENTRY ELEMENTS (KOHA) | |
| Source of classification or shelving scheme | |
| Koha item type | Book |
| Withdrawn status | Lost status | Source of classification or shelving scheme | Damaged status | Not for loan | Home library | Current library | Shelving location | Date acquired | Total Checkouts | Total Renewals | Full call number | Barcode | Checked out | Date last seen | Date checked out | Price effective from | Koha item type |
|---|---|---|---|---|---|---|---|---|---|---|---|---|---|---|---|---|---|
| Asian Hope Primary Library | Asian Hope Primary Library | Junior Fiction | 09/11/2025 | 16 | 1 | J FIC STI | 208136 | 05/07/2026 | 04/30/2026 | 04/30/2026 | 09/11/2025 | Book |